000 00488nam a2200157 i 4500
001 32741
003 ES-MaACL
007 t|
008 030131s1922 sp ||||1| spa d
100 1 _aBertolio, Solimán.
_928480
245 1 0 _aCanteras y minas /
_cpor Solimán Bertolio ; versión del italiano por Rafael Hernández.
260 _aBarcelona :
_b[s.n.,
_c1922] (
_fGuniart y Pujolar)
300 _a672 p. ;
_c25 cm.
700 1 _aHernández, Rafael.
_962856
852 _aES-MaACL
_jB-4492
999 _c32741
_d32741